Knowledge worker productivity

Đã lưu trong:
Chi tiết về thư mục
Tác giả chính: Gregerman, Ira B (Tác giả)
Định dạng: Sách
Ngôn ngữ:Tiếng Anh
Được phát hành: Nueva York AMA Management Briefing 1981
Những chủ đề:
Các nhãn: Thêm thẻ
Không có thẻ, Là người đầu tiên thẻ bản ghi này!

MARC

LEADER 00000nam a2200000 a 4500
001 UCH0548
003 CL-VaPUC
008 090312e19810100US |||||||||||||||||eng|d
020 |a 0814422705 
082 0 4 |a 658.4038  |b GRE  |2 21 
100 0 |a Gregerman, Ira B  |e author  |9 534767 
245 1 0 |a Knowledge worker productivity 
300 |a 55 p 
942 |c BK 
945 |d 20090312 00:00:00  |a dcastane 
260 |a Nueva York  |b AMA Management Briefing  |c 1981 
650 7 |a CAPITAL INTELECTUAL  |2 CL-VaPUC  |9 480978 
650 0 |a Toma de decisiones   |9 257530 
650 0 |a Gestión del conocimiento  |9 469524 
650 0 |a Gestión de la información   |9 362327 
650 0 |a Recursos humanos   |9 228420 
650 0 |a Trabajadores  |9 260887 
650 7 |a CONOCIMIENTO PRODUCTIVO  |2 CL-VaPUC  |9 534768 
650 0 |a Productividad   |9 335972 
583 |a last modification  |c 20140401 10:28:21  |k Rodrigo Vera 
999 |c 332841  |d 332839 
952 |0 0  |1 0  |4 0  |6 658_403800000000000_GRE_1981  |7 0  |8 A  |9 420837  |a BIBING  |b BIBING  |d 2019-11-22  |i 451503K  |o 658.4038 GRE 1981  |p 451503K  |r 2023-03-02  |w 2019-11-22  |y BK  |k EII